The new television technologies

Gardado en:
Detalles Bibliográficos
Autor Principal: Gross, Lynne Schafer
Formato: Libro
Idioma:Undetermined
Publicado: Lowa Wm. C. Brown Company Publishers 1983
Những chủ đề:
Các nhãn: Engadir etiqueta
Sen Etiquetas, Sexa o primeiro en etiquetar este rexistro!
Thư viện lưu trữ: Trung tâm Học liệu Trường Đại học Cần Thơ
LEADER 00498nam a2200181Ia 4500
001 CTU_84056
008 210402s9999 xx 000 0 und d
082 |a 621.388 
082 |b G878 
100 |a Gross, Lynne Schafer 
245 4 |a The new television technologies 
245 0 |c Lynne Schafer Gross 
260 |a Lowa 
260 |b Wm. C. Brown Company Publishers 
260 |c 1983 
650 |a Television 
904 |i QHieu(sửa) 
980 |a Trung tâm Học liệu Trường Đại học Cần Thơ